Normal view MARC view
  • Haley, Meyers Dennis

Entry Personal Name

Number of records used in: 1

001 - CONTROL NUMBER

  • control field: 134301

003 - CONTROL NUMBER IDENTIFIER

  • control field: NUST

005 - DATE AND TIME OF LATEST TRANSACTION

  • control field: 20260430122129.0

008 - FIXED-LENGTH DATA ELEMENTS

  • fixed length control field: 260430|| aca||aabn | a|a d

040 ## - CATALOGING SOURCE

  • Original cataloging agency: NUST
  • Transcribing agency: NUST

100 ## - HEADING--PERSONAL NAME

  • Personal name: Haley, Meyers Dennis

670 ## - SOURCE DATA FOUND

  • Source citation: Work cat.: (NUST): Haley, Meyers Dennis., Mike Meyers' A+ Guide: Essentials Lab Manual Exam 220-601 /, 2007.
© 2023 Central Library, National University of Sciences and Technology. All Rights Reserved.